Xác định các nhân tố ảnh hưởng đến hình ảnh thương hiệu của các trung tâm Ngoại ngữ tại Bình Dương

Cơ quan chủ trì: Đại học Thủ Dầu Một; Đề tài xác định các yếu tố ảnh hưởng đến hình ảnh thương hiệu của các trung tâm ngọai ngữ; Đánh giá mức độ tương quan và đưa ra một số hàm ý quản lý nhằm giúp cho các trung tâm ngoại ngữ nâng cao h...

Deskribapen osoa

Gorde:
Xehetasun bibliografikoak
Egile nagusia: Nguyễn, Thị Ngọc Mai
Beste egile batzuk: Nguyễn Xuân Thọ
Formatua: Liburua
Hizkuntza:Undetermined
Argitaratua: Bình Dương 2015
Gaiak:
Sarrera elektronikoa:http://lrc.tdmu.edu.vn/opac/search/detail.asp?aID=2&ID=36366
Etiketak: Etiketa erantsi
Etiketarik gabe, Izan zaitez lehena erregistro honi etiketa jartzen!
Thư viện lưu trữ: Trung tâm Học liệu Trường Đại học Thủ Dầu Một
LEADER 01279nam a2200205Ia 4500
001 TDMU_36366
008 210410s9999 xx 000 0 und d
082 |a 658.85 
090 |b NG527 
100 |a Nguyễn, Thị Ngọc Mai 
245 0 |a Xác định các nhân tố ảnh hưởng đến hình ảnh thương hiệu của các trung tâm Ngoại ngữ tại Bình Dương 
245 0 |c Nguyễn Thị Ngọc Mai; ThS. Nguyễn Xuân Thọ (hướng dẫn) 
260 |a Bình Dương 
260 |c 2015 
300 |a 92tr. 
520 |a Cơ quan chủ trì: Đại học Thủ Dầu Một; Đề tài xác định các yếu tố ảnh hưởng đến hình ảnh thương hiệu của các trung tâm ngọai ngữ; Đánh giá mức độ tương quan và đưa ra một số hàm ý quản lý nhằm giúp cho các trung tâm ngoại ngữ nâng cao hình ảnh của mình. 
650 |a Báo cáo khoa học; Trung tâm ngoại ngữ  |x Hình ảnh thương hiệu  |z Bình Dương 
700 |a Nguyễn Xuân Thọ 
856 |u http://lrc.tdmu.edu.vn/opac/search/detail.asp?aID=2&ID=36366 
980 |a Trung tâm Học liệu Trường Đại học Thủ Dầu Một